| 000 | 00593nam a2200205 a 4500 | ||
|---|---|---|---|
| 005 | 20140414093840.0 | ||
| 008 | 070824s19uu xx 00 eng d | ||
| 050 |
_aCDR 370.1 _bTSM 2005 |
||
| 100 | _aIBO | ||
| 245 |
_aGroup 4 experimental sciences / _cIBO. |
||
| 260 |
_aSl : _bIBO, _cc2005. |
||
| 300 | _a1cd-rom | ||
| 440 | _ateacher support material | ||
| 520 | _aContents: Biology, Chemistry, Physics, Allied Sciences | ||
| 650 | _aInternational Baccalaureate. | ||
| 650 |
_aScience _xexperiments. |
||
| 650 | _aGroup 4 experimental sciences. | ||
| 942 | _cAVM | ||
| 999 |
_c109233 _d109233 |
||